banner-ar

FEMALE GENITAL MUTILATION CIRCUMCISION HISTORICAL, SOCIAL RELIGIOUS, SEXUAL AND LEGAL ASPECTS / (Record no. 16111)

MARC details
000 -الفاتح
حقل البيانات ثابتة الطول 00679nam a2200229Ia 4500
008 - عناصر البيانات ثابتة الطول - معلومات عامة
حقل البيانات ثابتة الطول 140319s9999 xx 000 0 eng d
040 ## - مصدر الفهرسة
وكالة الفهرسة الأصلية GCL /
وكالة النسخ GCL
082 04 - رقم تصنيف ديوى العشرى
رقم التصنيف 392.1
رقم المادة M F
100 1# - المدخل الرئيسى - إسم شخصى
الإسم الشخصى MAHMOUD, KARIM
245 10 - بيان العنوان
العنوان FEMALE GENITAL MUTILATION CIRCUMCISION HISTORICAL, SOCIAL RELIGIOUS, SEXUAL AND LEGAL ASPECTS /
بيان المسئوليه,etc MAHMOUD, KARIM
260 ## - PUBLICATION, DISTRIBUTION, ETC. (IMPRINT)
تاريخ النشر أو التوزيع 1998
300 ## - الوصف المادى
التعداد 227 P
650 04 - المدخل الاضافى بالموضوع-مصطلح موضوعى
مصطلح موضوعي HISTORICAL BACKGROUND
650 04 - المدخل الاضافى بالموضوع-مصطلح موضوعى
مصطلح موضوعي MUTILATION
650 04 - المدخل الاضافى بالموضوع-مصطلح موضوعى
مصطلح موضوعي SOCIAL BEHAVIOUR
650 04 - المدخل الاضافى بالموضوع-مصطلح موضوعى
مصطلح موضوعي MEDICAL VIEW
650 04 - المدخل الاضافى بالموضوع-مصطلح موضوعى
مصطلح موضوعي CIRCUMCISION
650 04 - المدخل الاضافى بالموضوع-مصطلح موضوعى
مصطلح موضوعي CIRCUMCISION - RELIGIOUS ASPECTS
650 04 - المدخل الاضافى بالموضوع-مصطلح موضوعى
مصطلح موضوعي CIRCUMCISION - HISTORY
942 ## - عناصر المدخل الإضافي( كوها)
مصدر التصنيف او مخطط الترفيف Dewey Decimal Classification
Koha [default] item type كتاب
260 ## - PUBLICATION, DISTRIBUTION, ETC. (IMPRINT)
-- [S.N] :
-- MAHMOUD KARIM ،
Holdings
حالة التراجع حالة الفقد حالة تلف ليس للاعارة المكان المؤقت الموقع الحالى تاريخ الاكتساب اجمالي اﻻعارات رقم الطلب الباركود تاريخ اخر مشاهدة تاريخ تفعيل السعر نوع وعاء كوها
        مكتبة القاهرة الكبرى مكتبة القاهرة الكبرى 03/26/2014   392.1\M F 29450 03/26/2014 03/26/2014 كتاب
        مكتبة القاهرة الكبرى مكتبة القاهرة الكبرى 03/26/2014   392.1\M F 29451 03/26/2014 03/26/2014 كتاب

Powered By

EGPV